Газотурбинные установки: электронный курс
| Autore principale: | |
|---|---|
| Ente Autore: | |
| Altri autori: | |
| Riassunto: | Заглавие с экрана Цель курса "Газотурбинные установки" - подготовка студентов к решению практических задач, связанных с эксплуатацией газотурбинных установок на компрессорных станциях магистральных газопроводов. Современные компрессорные станции магистральных газопроводов - сложные энергетические сооружения. На компрессорных станциях осуществляется выработка механической, а в ряде случаев и электрической энергии, регенерация и утилизация тепла в газотурбинных установках, сжатие транспортируемого газа в нагнетателях, охлаждение газа в теплообменных аппаратах. Основным силовым оборудованием компрессорной станции являются газоперекачивающие агрегаты с газотурбинным и электрическим приводом. Задачей изучения курса является приобретение студентами необходимых знаний о принципах работы ГТУ, овладение методами их термодинамического расчета, навыками контроля основных параметров, режимов работы агрегата и методами диагностики газотурбинных установок. Изучение курса «Газотурбинные установки» позволяет существенно повысить качество подготовки инженеров для последующей практической работы в области проектирования и эксплуатации насосных и компрессорных станций, как важной составной части систем магистрального транспорта нефти, газа и нефтепродуктов. Доступ по логину и паролю |
| Lingua: | russo |
| Pubblicazione: |
Томск, TPU Moodle, 2015
|
| Soggetti: | |
| Accesso online: | http://design.lms.tpu.ru/course/view.php?id=909 |
| Natura: | MixedMaterials Elettronico Libro |
| KOHA link: | https://koha.lib.tpu.ru/cgi-bin/koha/opac-detail.pl?biblionumber=651823 |
MARC
| LEADER | 00000nlm0a2200000 4500 | ||
|---|---|---|---|
| 001 | 651823 | ||
| 005 | 20240111105536.0 | ||
| 035 | |a (RuTPU)RU\TPU\network\17085 | ||
| 035 | |a RU\TPU\network\17083 | ||
| 090 | |a 651823 | ||
| 100 | |a 20161123d2015 m y0rusy50 ca | ||
| 101 | 0 | |a rus | |
| 102 | |a RU | ||
| 105 | |a a j 000zy | ||
| 135 | |a jrcn ---uucaa | ||
| 181 | 0 | |a i | |
| 182 | 0 | |a b | |
| 200 | 1 | |a Газотурбинные установки |e электронный курс |f Н. В. Чухарева, К. Н. Радюк |g Национальный исследовательский Томский политехнический университет (ТПУ), Институт природных ресурсов (ИПР), Кафедра транспорта и хранения нефти и газа (ТХНГ) | |
| 203 | |a Текст |c электронный | ||
| 210 | |a Томск |c TPU Moodle |d 2015 | ||
| 300 | |a Заглавие с экрана | ||
| 330 | |a Цель курса "Газотурбинные установки" - подготовка студентов к решению практических задач, связанных с эксплуатацией газотурбинных установок на компрессорных станциях магистральных газопроводов. Современные компрессорные станции магистральных газопроводов - сложные энергетические сооружения. На компрессорных станциях осуществляется выработка механической, а в ряде случаев и электрической энергии, регенерация и утилизация тепла в газотурбинных установках, сжатие транспортируемого газа в нагнетателях, охлаждение газа в теплообменных аппаратах. Основным силовым оборудованием компрессорной станции являются газоперекачивающие агрегаты с газотурбинным и электрическим приводом. Задачей изучения курса является приобретение студентами необходимых знаний о принципах работы ГТУ, овладение методами их термодинамического расчета, навыками контроля основных параметров, режимов работы агрегата и методами диагностики газотурбинных установок. Изучение курса «Газотурбинные установки» позволяет существенно повысить качество подготовки инженеров для последующей практической работы в области проектирования и эксплуатации насосных и компрессорных станций, как важной составной части систем магистрального транспорта нефти, газа и нефтепродуктов. | ||
| 333 | |a Доступ по логину и паролю | ||
| 606 | 1 | |a Газотурбинные установки |2 stltpush |3 (RuTPU)RU\TPU\subj\5252 |9 33374 | |
| 610 | 1 | |a электронный ресурс | |
| 610 | 1 | |a труды учёных ТПУ | |
| 610 | 1 | |a электронное обучение | |
| 610 | 1 | |a электронные курсы ТПУ | |
| 610 | 1 | |a преобразование энергии | |
| 610 | 1 | |a приводы | |
| 610 | 1 | |a газоперекачивающие агрегаты | |
| 610 | 1 | |a сжигание топлива | |
| 610 | 1 | |a турбомашины | |
| 610 | 1 | |a камеры сгорания | |
| 610 | 1 | |a эксплуатационные характеристики | |
| 610 | 1 | |a термогазодинамические параметры | |
| 610 | 1 | |a эффективность | |
| 610 | 1 | |a энтропия | |
| 610 | 1 | |a обвязка | |
| 610 | 1 | |a электронные учебные пособия | |
| 610 | 1 | |a учебные пособия | |
| 675 | |a 621.438(075.8) |v 3 | ||
| 700 | 1 | |a Чухарева |b Н. В. |c специалист в области нефтегазового дела |c доцент Томского политехнического университета, кандидат химических наук |f 1967- |g Наталья Вячеславовна |3 (RuTPU)RU\TPU\pers\26133 |9 11962 | |
| 701 | 1 | |a Радюк |b К. Н. |c геолог |c ассистент кафедры Томского политехнического университета |g Карина Нуржановна |3 (RuTPU)RU\TPU\pers\35021 | |
| 712 | 0 | 2 | |a Национальный исследовательский Томский политехнический университет (ТПУ) |b Институт природных ресурсов (ИПР) |b Кафедра транспорта и хранения нефти и газа (ТХНГ) |3 (RuTPU)RU\TPU\col\18661 |
| 801 | 2 | |a RU |b 63413507 |c 20170125 |g RCR | |
| 856 | 4 | |u http://design.lms.tpu.ru/course/view.php?id=909 | |
| 942 | |c CF | ||